| 000 | 00486nam a2200181Ia 4500 | ||
|---|---|---|---|
| 999 |
_c28538 _d28538 |
||
| 003 | OSt | ||
| 005 | 20210106104231.0 | ||
| 008 | 190216s9999||||xx |||||||||||||| ||und|| | ||
| 020 | _a9788126411467 | ||
| 040 | _coclc | ||
| 082 |
_a894.8122 _bNAI/O |
||
| 100 |
_aNair, Pradeep _98189 |
||
| 245 | 0 |
_aOridam / _cPradeep Nair |
|
| 260 |
_bDc Books, _aKottayam: _c2005. |
||
| 300 | _a66p | ||
| 650 | _aNadakam | ||
| 942 |
_cBK _2ddc _h894.8122 _iNAI/O _k894.8122 _mNAI/O |
||